000
00204nam a2200073Ia 4500
008
170817s9999 xx 000 0 und d
100
_a
Kaushik.V.K
245
0
_a
Child Phychology And Growth Development
260
_b
Anmol Publications Delhi
999
_c
38879
_d
38879